000 00615nam a22001937a 4500
005 20140811124716.0
010 _aB-506296-299
020 _a9789380619224
_c125.00
035 _aB-506296-299
037 _aKBD/Ven
_bdpl
082 _a649.33
100 _aArora, Anshu
245 _aConfident Breastfeeding /
_cby Anshu Arora
260 _aNew Delhi
_bGood Times Books
_c2011
270 _aH-13, Bali Nagar
_bDelhi
_e110015
300 _a132p.:
_c24cms(pbk)
_bill.
942 _2ddc
_cEN
_h649.33
_mARO
999 _c87770
_d87770